000 00292nam a2200109Ia 4500
008 160531s9999 xx 000 0 und d
100 _aAdrovic, Feriz.
245 _aGamma Radiation
245 _cby Feriz Adrovic
260 _c2012
856 _uhttp://www.intechopen.com/books/gamma-radiation
999 _c295235
_d295235